000 00835nam a2200205Ia 4500
003 GCL
008 140319s9999 xx 000 0 ara d
040 _aGCL /
_cGCL
082 0 4 _aق
_b932.094
_bب م
100 1 _aعبداللطيف احمد على
245 1 0 _aمصر من الاسكندر الاكبر حتى الفتح العربى (هدية من الاديب عبدالفتاح الجمل) :
_bدراسة فى انتشار الحضارة الهلينية واضمحلالها /
_cعبداللطيف احمد على
700 1 _aبل، هـ . ايدرس
260 _a[S.N] :
_bالمؤلف ،
_c1968
300 _a221ص ؛
_c24سم
650 0 4 _aمصر القديمة
650 0 4 _aالملوك والحكام
650 0 4 _aالاباطرة الرومان
650 0 4 _aالاسكندر الاكبر
942 _2ddc
_cBK
999 _c39229
_d39229